[Event "Panama op 3rd"]
[Site "Panama City"]
[Date "2013.11.05"]
[Round "9"]
[White "Chinchilla Miranda, Eugenio"]
[Black "Munoz M, Alberto Noel"]
[Result "1-0"]
[WhiteElo "2191"]
[BlackElo "1902"]
[PlyCount "95"]
[EventDate "2013.10.30"]
[EventType "swiss"]
[EventRounds "9"]
[EventCountry "PAN"]
[SourceTitle "EXT 2014"]
[Source "ChessBase"]
[SourceDate "2013.11.20"]
[SourceVersion "1"]
[SourceVersionDate "2013.11.20"]
[SourceQuality "1"]

1. d4 Nf6 2. c4 c5 3. d5 e6 4. Nc3 exd5 5. cxd5 d6 6. Nf3 g6 7. Bf4 a6 8. a4 Bg7 9. h3 0-0 10. e3 Re8 11. Nd2 Qc7 12. Nc4 Bf8 13. a5 Nbd7 14. Na4 Rb8 15. Be2 b5 16. axb6 Nxb6 17. Naxb6 Rxb6 18. Nxb6 Qxb6 19. 0-0 Bb7 20. Bc4 Qxb2 21. Qd3 Qb6 22. f3 Nh5 23. Bh2 Bg7 24. Rab1 Qc7 25. Bxa6 Ba8 26. Kh1 Nf6 27. Bb5 Rd8 28. e4 Nd7 29. Bxd7 Rxd7 30. Qa6 Rd8 31. Bxd6 Rxd6 32. Qxa8+ Rd8 33. Qc6 Qxc6 34. dxc6 Rc8 35. Rb6 Bd4 36. f4 c4 37. Ra6 Bb2 38. Rf2 c3 39. Kg1 Rc7 40. Kf1 Kg7 41. Ke1 Kf6 42. Kd1 Ke6 43. Kc2 Kf6 44. Rf3 Ke7 45. Rd3 Ke6 46. g4 f5 47. gxf5+ gxf5 48. e5 1-0

[Event "Panama op 3rd"]
[Site "Panama City"]
[Date "2013.11.02"]
[Round "3"]
[White "Miranda Llanes, Yerisbel"]
[Black "Munoz M, Alberto Noel"]
[Result "1-0"]
[WhiteElo "2224"]
[BlackElo "1902"]
[PlyCount "62"]
[EventDate "2013.10.30"]
[EventType "swiss"]
[EventRounds "9"]
[EventCountry "PAN"]
[SourceTitle "EXT 2014"]
[Source "ChessBase"]
[SourceDate "2013.11.20"]
[SourceVersion "1"]
[SourceVersionDate "2013.11.20"]
[SourceQuality "1"]

1. d4 Nf6 2. c4 c5 3. d5 e6 4. Nc3 exd5 5. cxd5 d6 6. e4 g6 7. f4 Bg7 8. Bb5+ Nfd7 9. a4 0-0 10. Nf3 Na6 11. 0-0 Nc7 12. Bd3 a6 13. Nd2 Re8 14. Nc4 Bf8 15. Qf3 b5 16. axb5 axb5 17. Rxa8 bxc4 18. Rxc8 Qxc8 19. Bxc4 Bg7 20. Nb5 Nxb5 21. Bxb5 Re7 22. f5 c4 23. Bxd7 Rxd7 24. f6 Bh8 25. Bd2 Rb7 26. Bc3 Rb5 27. Ra1 Rb7 28. Qf2 Qb8 29. Qd4 Rc7 30. e5 dxe5 31. Qxe5 Qc8 1-0